Encrucijadas de la laicidad / (Record no. 165843)

MARC details
000 -LEADER
fixed length control field 00880nam a22002417a 4500
005 - DATE AND TIME OF LATEST TRANSACTION
control field 20230125094744.0
008 - FIXED-LENGTH DATA ELEMENTS--GENERAL INFORMATION
fixed length control field 230125b mx ||||| |||| 00| 0 spa d
020 ## - INTERNATIONAL STANDARD BOOK NUMBER
International Standard Book Number 9786070265044
050 04 - LIBRARY OF CONGRESS CALL NUMBER
Classification number K3280
Item number E53 2015
245 00 - TITLE STATEMENT
Title Encrucijadas de la laicidad /
Statement of responsibility, etc Isabelle Desbarats...[et al.] ; coordinadores Pedro Salazar Ugarte y Pauline Capdevielle ; prólogo de Pauline Capdevielle
250 ## - EDITION STATEMENT
Edition statement 1a ed.
260 ## - PUBLICATION, DISTRIBUTION, ETC. (IMPRINT)
Place of publication, distribution, etc México :
Name of publisher, distributor, etc Universidad Nacional Autónoma de México, Instituto de Investigaciones Jurídicas,
Date of publication, distribution, etc 2015
300 ## - PHYSICAL DESCRIPTION
Extent 130 p. ;
Dimensions 21 cm.
490 0# - SERIES STATEMENT
Series statement Serie Cultura laica ;
Volume number/sequential designation 7
650 #4 - SUBJECT ADDED ENTRY--TOPICAL TERM
Topical term or geographic name as entry element Secularismo
650 #4 - SUBJECT ADDED ENTRY--TOPICAL TERM
Topical term or geographic name as entry element Laicismo
650 #4 - SUBJECT ADDED ENTRY--TOPICAL TERM
Topical term or geographic name as entry element Religión y Estado
700 1# - ADDED ENTRY--PERSONAL NAME
Personal name Chelini-Pont,Blendine,
Relator term autor
700 1# - ADDED ENTRY--PERSONAL NAME
Personal name Aparecido Dias,Jefferson,
Relator term autor
700 1# - ADDED ENTRY--PERSONAL NAME
Personal name Sorda,Elena,
Relator term autor
700 1# - ADDED ENTRY--PERSONAL NAME
Personal name Salazar Ugarte,Pedro,
Relator term coord.
942 ## - ADDED ENTRY ELEMENTS (KOHA)
Source of classification or shelving scheme Biblioteca del Cogreso de los Estados Unidos
Koha item type Libro
Holdings
Estado de pérdida Fuente de clasificación Estado del daño No para préstamo Ubicación permanente Ubicación actual Apartado o colección Fecha de adquisición Fuente de adquisición Edición Dependencia de educación superior (DES) Área del conocimiento Total Checkouts Clasificación Código de Barras Date last seen Número de copia Costo por reposición Tipo de recurso
  Biblioteca del Cogreso de los Estados Unidos     Biblioteca de la Facultad de Filosofía Biblioteca de la Facultad de Filosofía General 25/01/2023 Unidad Académica 1a ed. Humanidades Educación y Humanidades   K3280 E53 2015 BFF000038480 25/01/2023 C:1 1.00 Libro